000 00491nam a2200169Ia 4500
003 GCL
008 140319s9999 xx 000 0 ara d
040 _aGCL /
_cGCL
082 0 4 _aد
_b050
_bت ى
100 1 _aمجموعة من الباحثين
245 1 0 _aتى . فى . دش /
_cمجموعة من الباحثين
300 _a96 ص
490 _aموسوعة عالم الطبخ
_v0
650 0 4 _aالتليفزيون
650 0 4 _aالقنوات الفضائية
942 _2ddc
_cCF
999 _c27073
_d27073